| Tag |
First Indicator |
Second Indicator |
Subfields |
| LEADER |
00000cam a2200000 4500 |
| 001 |
in00000721925 |
| 005 |
20151016064226.0 |
| 008 |
780512s1929 enkc 00010ceng d |
| 010 |
|
|
|a 29010318
|
| 035 |
|
|
|a (OCoLC)03890315
|
| 035 |
|
|
|9 ADD8594AM
|
| 040 |
|
|
|a TLM
|c TLM
|d TXA
|d UtOrBLW
|
| 049 |
|
|
|a TXAM
|c [466799]
|
| 050 |
|
0 |
|a DC145
|b .T5
|
| 092 |
|
|
|a 944.04
|b T473
|
| 100 |
1 |
|
|a Thompson, J. M.
|q (James Matthew),
|d 1878-1956.
|
| 245 |
1 |
0 |
|a Leaders of the French revolution /
|c by J. M. Thompson ...
|
| 264 |
|
1 |
|a Oxford :
|b Blackwell,
|c [1929]
|
| 300 |
|
|
|a xiv, 272 pages :
|b frontispiece, portraits ;
|c 23 cm.
|
| 336 |
|
|
|a text
|b txt
|2 rdacontent
|
| 337 |
|
|
|a unmediated
|b n
|2 rdamedia
|
| 338 |
|
|
|a volume
|b nc
|2 rdacarrier
|
| 505 |
0 |
|
|a Sieyes.--Mirabeau.--Lafayette.--Brissot.--Louvet.--Danton.--Fabre d'Eglantine.--Marat.--Saint Just.--Robespierre.--Dumouriez.
|
| 651 |
|
0 |
|a France
|x History
|y Revolution, 1789-1799
|v Biography.
|
| 999 |
|
|
|a MARS
|
| 999 |
f |
f |
|s 73b30713-65c7-349f-92d9-0361eca84363
|i 9dbd3197-644e-3d4d-92bc-58694c4956e2
|t 0
|
| 952 |
f |
f |
|p ric
|a Texas A&M University
|b Rellis Campus
|c Joint Library Facility
|d Remote Storage
|t 0
|e DC145 .T5
|h Library of Congress classification
|i unmediated -- volume
|m A14801489563
|
| 998 |
f |
f |
|a DC145 .T5
|t 0
|l Remote Storage
|